000 00591nam a22002057a 4500
003 OSt
005 20140310182945.0
008 130205t xxu||||| |||| 00| 0 eng d
020 _a9719360230
050 _aDS 675.8
_b.R618 2007
082 _aFIL 920
_bR52 2007
245 _aRizal and other Philippine heroes & heroines
_ba primer and teaching strategies
_cRivas, Dionesio
260 _aBulacan
_bS.U.G. Pub. House
_cc2007
300 _avii, 226 p. : ill.
_c22 cm.
521 _acollege students
526 _c1210L-1700L
541 _j1
562 _e1
942 _2lcc
_cBK
_kFIL
999 _c17794
_d17794